Thermodynamics (Record no. 7801)

000 -LEADER
fixed length control field 00495nam a22002057a 4500
001 - CONTROL NUMBER
control field 7801
003 - CONTROL NUMBER IDENTIFIER
control field BD-DhUET
008 - FIXED-LENGTH DATA ELEMENTS--GENERAL INFORMATION
fixed length control field 141212b xxu||||| |||| 00| 0 eng d
040 ## - CATALOGING SOURCE
Transcribing agency 0
Modifying agency BD-DhUET
082 ## - DEWEY DECIMAL CLASSIFICATION NUMBER
Classification number 621.01
Item number OBE/1963
100 ## - MAIN ENTRY--PERSONAL NAME
Personal name Obert, Edward F.
245 ## - TITLE STATEMENT
Title Thermodynamics
250 ## - EDITION STATEMENT
Edition statement 2nd ed.
260 ## - PUBLICATION, DISTRIBUTION, ETC. (IMPRINT)
Place of publication, distribution, etc. New York
Name of publisher, distributor, etc. McGraw-Hill Book
Date of publication, distribution, etc. 1963
300 ## - PHYSICAL DESCRIPTION
Extent xxi,596p.
504 ## - BIBLIOGRAPHY, ETC. NOTE
Bibliography, etc Includes bibliographies
650 #0 - SUBJECT ADDED ENTRY--TOPICAL TERM
Topical term or geographic name as entry element Thermodynamics
700 ## - ADDED ENTRY--PERSONAL NAME
Personal name Gaggioli, Richard A.
942 ## - ADDED ENTRY ELEMENTS (KOHA)
Koha item type General Book
Holdings
Koha full call number Sublocation or collection (holding branch) Koha normalized classification for sorting Location (home branch) Lost status Piece designation (barcode) Source of classification or shelving scheme Shelving location Not for loan Damaged status Date acquired Price effective from Koha date last seen Koha item type Copy number Withdrawn status
621.01/OBE/1963Central Library, BUET621_010000000000000_OBE_1963Central Library, BUET 6402 Circulation section  2014-12-122014-12-122014-12-12General Book1 
621.01/OBE/1963Central Library, BUET621_010000000000000_OBE_1963Central Library, BUET 6403 Circulation section  2014-12-122014-12-122014-12-12General Book2 
621.01/OBE/1963Central Library, BUET621_010000000000000_OBE_1963Central Library, BUET 15731 Circulation section  2014-12-122014-12-122014-12-12General Book3 
621.01/OBE/1963Central Library, BUET621_010000000000000_OBE_1963Central Library, BUET 18703 Circulation section  2014-12-122014-12-122014-12-12General Book4 
621.01/OBE/1963Central Library, BUET621_010000000000000_OBE_1963Central Library, BUET 18706 Circulation section  2014-12-122014-12-122014-12-12General Book5 
621.01/OBE/1963Central Library, BUET621_010000000000000_OBE_1963Central Library, BUET 18708 Circulation section  2014-12-122014-12-122014-12-12General Book6 
621.01/OBE/1963Central Library, BUET621_010000000000000_OBE_1963Central Library, BUET 18705 Circulation section  2014-12-122014-12-122014-12-12General Book7 
621.01/OBE/1963Central Library, BUET621_010000000000000_OBE_1963Central Library, BUET 18702 Circulation section  2014-12-122014-12-122014-12-12General Book8 
621.01/OBE/1963Central Library, BUET621_010000000000000_OBE_1963Central Library, BUET 18707 Circulation section  2015-04-122015-04-122015-04-12General Book9